|
|
|
|
| LEADER |
00000nam0a2200000 4500 |
| 001 |
8096 |
| 005 |
20231030181654.0 |
| 010 |
|
|
|a 5808900355
|
| 035 |
|
|
|a (RuTPU)RU\TPU\book\8142
|
| 035 |
|
|
|a BOOK00008201
|
| 090 |
|
|
|a 8096
|
| 100 |
|
|
|a 20011209d1998 k y0rusy50 ca
|
| 101 |
0 |
|
|a rus
|
| 102 |
|
|
|a RU
|
| 105 |
|
|
|a y z 000zy
|
| 200 |
1 |
|
|a Воинский труд: наука, искусство, призвание
|e Монография
|f Под ред. В. Н. Яковлева
|
| 210 |
|
|
|a Москва
|c Совершенство
|d 1998
|
| 215 |
|
|
|a 480 с.
|
| 610 |
1 |
|
|a военное дело
|
| 610 |
1 |
|
|a военная наука
|
| 610 |
1 |
|
|a военное искусство
|
| 610 |
1 |
|
|a ратный труд
|
| 610 |
1 |
|
|a военные кадры
|
| 610 |
1 |
|
|a защита отечества
|
| 610 |
1 |
|
|a монографии
|
| 686 |
|
|
|a Ц1
|v LBC/SL-A
|2 rubbk
|
| 702 |
|
1 |
|a Яковлев
|b В. Я.
|g Владимир Николаевич
|4 340
|
| 801 |
|
0 |
|a RU
|b 63413507
|c 20011209
|g PSBO
|
| 801 |
|
2 |
|a RU
|b 63413507
|c 20070531
|g PSBO
|
| 942 |
|
|
|c BK
|